| 000 | 00552nam a2200181 i 4500 | ||
|---|---|---|---|
| 001 | 95912 | ||
| 003 | ES-MaACL | ||
| 005 | 20230906181812.0 | ||
| 007 | t| | ||
| 008 | 050608s1959 sp ||||1| spa d | ||
| 100 | 1 |
_aMcGinnis, E. A. _979566 |
|
| 245 | 1 | 0 |
_aReceptores de frecuencia modulada... / _cpor E. A. McGinnis. |
| 250 | _a[1ª ed.]. | ||
| 260 |
_aMadrid : _bEscuelas Internacionales, _c1959. |
||
| 300 |
_a62 p. : _b3 gráf. pleg., il. ; _c19 cm. |
||
| 710 | 2 |
_aEscuelas Internacionales (Madrid) _93619 |
|
| 852 |
_aES-MaACL _jC-19049 _bR.45900 |
||
| 999 |
_c95912 _d95912 |
||